00586nam a22001937a 450000500170000001000150001702000260003203500140005803700090007208200130008110000200009424500780011425000060019226000380019827000710023630000300030770000300033770000250036720241202145554.0 aENG-142765 a9789387284524c297.00 aEN-126297 bDBAD a658.821 aChandrani Singh aInbound marketing/cBy Chandrani Singh; Abiresh Abraham [and] Ajit Pandey a1 bBPB Publicationsc2018aNew Delhi bNew Delhie110002a20, Ansari Road, Darya Ganjk23254990k23254991 ax,190p. :c23cm(pb)bill. aAbraham, Abiresh eAuthor aPandey, AjiteAuthor